Ochranná známka, jej význam a použitie vo vybranom podniku v SR bakalárska práca

Saved in:
Bibliographic Details
Main Author: Kollárová, Veronika
Corporate Author: Fakulta podnikového manažmentu EU. Katedra podnikovohospodárska
Other Authors: Kintler, Jakub, 1979-
Format: Book
Language:Slovak
Published: Bratislava 2012
Tags: Add Tag
No Tags, Be the first to tag this record!

MARC

LEADER 00000nbm a2200000 4500
001 0153857
005 20171204121603.5
041 0 |a slo 
044 |a SK 
245 1 0 |a Ochranná známka, jej význam a použitie vo vybranom podniku v SR  |b bakalárska práca  |c Veronika Kollárová ; školiteľ: Jakub Kintler 
264 1 |a Bratislava  |c 2012 
300 |a 45 s. 
100 1 |a Kollárová, Veronika 
700 1 |a Kintler, Jakub, 1979- 
710 2 |a Fakulta podnikového manažmentu EU. Katedra podnikovohospodárska